Statistics for NBA 2015-2016 Playoffs Points Leaders

Click here to take the quiz!

General Stats

  • This quiz has been taken 261 times
  • The average score is 12 of 17

Answer Stats

PointsPositionAnswer% Correct
25.18Stephen Curry
99%
26.35LeBron James
99%
28.41Kevin Durant
95%
26.06Russell Westbrook
91%
24.39Klay Thompson
91%
25.27Kyrie Irving
87%
26.63James Harden
84%
22.512Kawhi Leonard
76%
26.54Damian Lillard
69%
20.915DeMar DeRozan
66%
27.32Paul George
64%
21.414Dwyane Wade
61%
24.210Isaiah Thomas
59%
21.913LaMarcus Aldridge
47%
20.516C.J. McCollum
42%
20.417Dirk Nowitzki
40%
22.711Kemba Walker
38%

Score Distribution

Percentile by Number Answered

Percent of People with Each Score

Your Score History

You have not taken this quiz